|
|
|
|
| LEADER |
01932nam a2200529 i 4500 |
| 001 |
nkc20152724655 |
| 003 |
CZ PrNK |
| 005 |
20150918102653.0 |
| 007 |
ta |
| 008 |
150813s2015 xr a e p 000 0 eng |
| 015 |
|
|
|a cnb002724655
|
| 020 |
|
|
|a 978-80-01-05772-8
|q (brožováno)
|
| 035 |
|
|
|a (OCoLC)923586087
|
| 040 |
|
|
|a BOA001
|b cze
|d OLA001
|d ABA001
|e rda
|
| 072 |
|
7 |
|a 656
|x Doprava
|2 Konspekt
|9 4
|
| 072 |
|
7 |
|a 37.016
|x Učební osnovy. Vyučovací předměty. Učebnice
|2 Konspekt
|9 22
|
| 080 |
|
|
|a 656.01
|2 MRF
|
| 080 |
|
|
|a 656.025.4.022.9
|2 MRF
|
| 080 |
|
|
|a 656.07
|2 MRF
|
| 080 |
|
|
|a 519.863
|2 MRF
|
| 080 |
|
|
|a (07)
|2 MRF
|
| 100 |
1 |
|
|a Teichmann, Dušan
|7 mzk2003169515
|4 aut
|
| 245 |
1 |
0 |
|a Subject: 17TEDV - transport theory :
|b LO field - logistics, technology and transport management /
|c author: Dušan Teichmann
|
| 246 |
1 |
|
|i Název v tiráži:
|a 17TEDV - transport theory
|
| 250 |
|
|
|a Vydání 1.
|
| 264 |
|
1 |
|a V Praze :
|b České vysoké učení technické, Fakulta dopravní,
|c [2015]
|
| 300 |
|
|
|a 95 stran :
|b ilustrace ;
|c 26 cm
|
| 336 |
|
|
|a text
|b txt
|2 rdacontent
|
| 337 |
|
|
|a bez média
|b n
|2 rdamedia
|
| 338 |
|
|
|a svazek
|b nc
|2 rdacarrier
|
| 500 |
|
|
|a 20 výtisků
|
| 504 |
|
|
|a Obsahuje bibliografii
|
| 650 |
0 |
7 |
|a teorie dopravy
|7 ph207533
|2 czenas
|
| 650 |
0 |
7 |
|a dopravní logistika
|7 ph436695
|2 czenas
|
| 650 |
0 |
7 |
|a dopravní management
|7 ph138659
|2 czenas
|
| 650 |
0 |
7 |
|a optimalizační modely
|7 ph675621
|2 czenas
|
| 650 |
0 |
9 |
|a transportation theory
|2 eczenas
|
| 650 |
0 |
9 |
|a transportation logistics
|2 eczenas
|
| 650 |
0 |
9 |
|a transportation management
|2 eczenas
|
| 650 |
0 |
9 |
|a optimization models
|2 eczenas
|
| 655 |
|
7 |
|a učební texty
|7 fd133599
|2 czenas
|
| 655 |
|
9 |
|a educational texts
|2 eczenas
|
| 910 |
2 |
|
|a BOA001
|b 2-1352.251
|
| 990 |
|
|
|a BK
|
| 995 |
|
|
|a 01
|
| 991 |
|
|
|b 201508
|c NOV
|e n
|
| 996 |
6 |
|
|b 2610642197
|c 2-1352.251
|l MZK
|r Sklad / do 1 hodiny
|n 0
|p p.v.
|w 001519532
|u 000010
|a 1
|e BOA001
|j MZK50
|s P
|